[Event "Madrid Chamartin op 8th"]
[Site "Madrid"]
[Date "2019.09.14"]
[Round "8"]
[White "De Mingo Matias, Jose Andres"]
[Black "Perez de las Penas, Jorge Ivan"]
[Result "0-1"]
[WhiteElo "1731"]
[BlackElo "1526"]
[PlyCount "94"]
[EventDate "2019.09.09"]
[EventType "swiss"]
[EventRounds "9"]
[EventCountry "ESP"]
[SourceTitle "CBM 192 Extra"]
[Source "Chessbase"]
[SourceDate "2019.11.06"]
[SourceVersion "1"]
[SourceVersionDate "2019.11.06"]
[SourceQuality "1"]

1. d4 Nf6 2. Bg5 e6 3. e4 Be7 4. e5 Nd5 5. Bd2 c5 6. c4 Nc7 7. Qg4 Rg8 8. dxc5 Bxc5 9. Nc3 d5 10. exd6 Bxd6 11. 0-0-0 Bd7 12. Bd3 g6 13. h4 h5 14. Qe2 Be7 15. Nf3 Bc6 16. Ne4 Nd7 17. Nfg5 Bxe4 18. Bxe4 Qc8 19. Rhe1 Rb8 20. Bf4 e5 21. Bd5 Nxd5 22. Rxd5 f6 23. Ne4 Kf7 24. Nd6+ Bxd6 25. Rxd6 Re8 26. Qd3 Re7 27. Qd5+ Kg7 28. Be3 b6 29. Rd1 Rb7 30. b3 Rc7 31. Kb2 Qb7 32. Kc3 Qxd5 33. R1xd5 Nb8 34. Kb4 Nc6+ 35. Kb5 Na5 36. Rd8 Nb7 37. Ra8 Na5 38. Rdd8 Kf7 39. Rac8 Nb7 40. Rf8+ Ke6 41. Rxc7 Rxc7 42. Rg8 Kf5 43. Ka6 Nd6 44. Rd8 Nc8 45. Kb5 Ne7 46. Rd6 Nc8 47. Rc6 a6+ 0-1

[Event "Madrid Chamartin op 8th"]
[Site "Madrid"]
[Date "2019.09.12"]
[Round "6"]
[White "De Mingo Matias, Jose Andres"]
[Black "Levitan, Caleb Levi"]
[Result "0-1"]
[WhiteElo "1731"]
[BlackElo "1412"]
[PlyCount "46"]
[EventDate "2019.09.09"]
[EventType "swiss"]
[EventRounds "9"]
[EventCountry "ESP"]
[SourceTitle "CBM 192 Extra"]
[Source "Chessbase"]
[SourceDate "2019.11.06"]
[SourceVersion "1"]
[SourceVersionDate "2019.11.06"]
[SourceQuality "1"]

1. d4 d5 2. Nf3 Nf6 3. e3 e6 4. Bd3 Bd6 5. 0-0 0-0 6. b3 Nbd7 7. Bb2 c6 8. Ne5 Qc7 9. f4 Ne4 10. Nd2 f5 11. Bxe4 fxe4 12. Nb1 Nxe5 13. fxe5 Rxf1+ 14. Qxf1 Be7 15. Nc3 b6 16. a4 Bd7 17. Qe2 Rf8 18. Rf1 Rxf1+ 19. Qxf1 Bc8 20. Nb1 Bg5 21. Qf2 Qf7 22. Ba3 Ba6 23. Bd6 Bxe3 0-1

[Event "Madrid Chamartin op 8th"]
[Site "Madrid"]
[Date "2019.09.11"]
[Round "4"]
[White "Carrasco Coquillat, Jorge"]
[Black "De Mingo Matias, Jose Andres"]
[Result "1/2-1/2"]
[WhiteElo "1923"]
[BlackElo "1731"]
[PlyCount "108"]
[EventDate "2019.09.09"]
[EventType "swiss"]
[EventRounds "9"]
[EventCountry "ESP"]
[SourceTitle "CBM 192 Extra"]
[Source "Chessbase"]
[SourceDate "2019.11.06"]
[SourceVersion "1"]
[SourceVersionDate "2019.11.06"]
[SourceQuality "1"]

1. e4 d5 2. exd5 Qxd5 3. Nc3 Qd8 4. d4 Nf6 5. Nf3 Bg4 6. h3 Bxf3 7. Qxf3 c6 8. Be3 e6 9. Bd3 Bb4 10. 0-0 0-0 11. Ne4 Nbd7 12. c3 Be7 13. Nxf6+ Nxf6 14. Rad1 Qd5 15. Qxd5 Nxd5 16. Bc1 Rad8 17. Be4 Rd7 18. Bf3 Rfd8 19. Be2 a6 20. Rd3 c5 21. dxc5 Bxc5 22. Rfd1 Nf6 23. Rxd7 Rxd7 24. Rxd7 Nxd7 25. Bf3 b6 26. b4 Bd6 27. Be3 Bc7 28. Bb7 a5 29. bxa5 bxa5 30. c4 Kf8 31. Kf1 Bb6 32. Bxb6 Nxb6 33. c5 Nd5 34. Bxd5 exd5 35. Ke2 Ke7 36. Kd3 Kd7 37. Kd4 Kc6 38. h4 f5 39. g3 a4 40. a3 g6 41. f3 h6 42. h5 g5 43. f4 g4 44. Ke5 Kxc5 45. Kxf5 d4 46. Kg6 d3 47. f5 d2 48. f6 d1Q 49. f7 Qd6+ 50. Kg7 Qe7 51. Kg8 Qg5+ 52. Kh7 Qf5+ 53. Kg8 Qe6 54. Kg7 Qe7 1/2-1/2

[Event "Madrid Chamartin op 8th"]
[Site "Madrid"]
[Date "2019.09.10"]
[Round "3"]
[White "De Mingo Matias, Jose Andres"]
[Black "Carrasco Coquillat, Alvaro"]
[Result "0-1"]
[WhiteElo "1731"]
[BlackElo "2009"]
[PlyCount "40"]
[EventDate "2019.09.09"]
[EventType "swiss"]
[EventRounds "9"]
[EventCountry "ESP"]
[SourceTitle "CBM 192 Extra"]
[Source "Chessbase"]
[SourceDate "2019.11.06"]
[SourceVersion "1"]
[SourceVersionDate "2019.11.06"]
[SourceQuality "1"]

1. d4 Nf6 2. Bg5 c5 3. d5 d6 4. Nc3 g6 5. e4 Bg7 6. Nf3 h6 7. Bh4 0-0 8. Bc4 a6 9. a4 Bg4 10. h3 Bxf3 11. Qxf3 Nbd7 12. Bg3 Nh5 13. Bh2 Qb6 14. Bb3 c4 15. Bxc4 Qxb2 16. Kd2 Qb4 17. g4 Qxc4 18. gxh5 Qd4+ 19. Qd3 Qxf2+ 20. Qe2 Bxc3+ 0-1

[Event "Tres Cantos op 11th"]
[Site "Tres Cantos"]
[Date "2019.06.24"]
[Round "3"]
[White "De Mingo Matias, Jose Andres"]
[Black "Paarup, Torsten"]
[Result "1-0"]
[WhiteElo "1676"]
[BlackElo "1971"]
[PlyCount "63"]
[EventDate "2019.06.22"]
[EventType "swiss"]
[EventRounds "9"]
[EventCountry "ESP"]
[SourceTitle "CBM 195 Extra"]
[Source "ChessBase"]
[SourceDate "2020.05.31"]
[SourceVersion "1"]
[SourceVersionDate "2020.05.31"]
[SourceQuality "1"]

1. d4 d6 2. Bg5 h6 3. Bh4 c6 4. Nc3 Qb6 5. Qd2 Qxb2 6. Rb1 Qa3 7. e4 e6 8. f4 Qa5 9. Nf3 Nf6 10. Bd3 Be7 11. g4 g5 12. fxg5 Nxg4 13. g6 Bxh4+ 14. Nxh4 fxg6 15. Nxg6 Rg8 16. Ne7 Rf8 17. Nxc8 Qd8 18. Nxd6+ Qxd6 19. e5 Qe7 20. Ne4 Qh4+ 21. Kd1 Nf2+ 22. Nxf2 Rxf2 23. Bg6+ Kd8 24. Qd3 b6 25. Kc1 Nd7 26. Kb2 Kc7 27. Rbe1 Raf8 28. Qa3 Kb7 29. Qd6 Rd8 30. Qa3 c5 31. Qa4 Nxe5 32. Be4+ 1-0